000 00406nam a22001697a 4500
005 20160513145129.0
008 160513b xxu||||| |||| 00| 0 eng d
020 _a81-203-2350-5
041 _aeng
082 _b2087
100 _aLeong. Schiffman Leslie lazar Kanuk
_9592
245 _aConsumer Behaviour
260 _aNew Delhi
_bPHI,
_c2004
300 _a587
650 _aManagement
_9241
942 _cBK
999 _c765
_d765